000 00299nam a2200133Ia 4500
005 20251222143318.0
008 251222s9999||||xx |||||||||||||| ||spa||
082 _a372.87/H79
100 _aHoward, Walter
245 0 _aLa Música y el Niño
250 _a2a.ed.
264 _bEUDEBA
942 _cLIB
999 _c15960
_d15960